[Event "Titled Tue 10th Jun Late"]
[Site "chess.com INT"]
[Date "2025.06.10"]
[Round "1"]
[White "Srihari, L R"]
[Black "Danila, Tudor-Gabriel"]
[Result "1-0"]
[WhiteTitle "IM"]
[BlackTitle "CM"]
[WhiteElo "2480"]
[BlackElo "2178"]
[WhiteFideId "46617116"]
[BlackFideId "1274244"]
[EventDate "2025.06.10"]

1. Nf3 Nf6 2. c4 e6 3. Nc3 c5 4. e3 d5 5. cxd5 exd5 6. d4 a6 7. Be2 Nc6 8. O-O
Bd6 9. dxc5 Bxc5 10. b3 O-O 11. Bb2 Qe7 12. Nxd5 Nxd5 13. Qxd5 Be6 14. Qh5 h6
15. Rac1 Ba7 16. Ne5 Nxe5 17. Qxe5 Rac8 18. Qxg7# 1-0

[Event "Titled Tue 10th Jun Late"]
[Site "chess.com INT"]
[Date "2025.06.10"]
[Round "1"]
[White "Fichter, Fabian"]
[Black "Davtyan, Artur"]
[Result "0-1"]
[WhiteTitle "FM"]
[BlackTitle "IM"]
[WhiteElo "2235"]
[BlackElo "2472"]
[WhiteFideId "24613258"]
[BlackFideId "13308327"]
[EventDate "2025.06.10"]

1. Nf3 d5 2. d4 Nf6 3. g3 Bf5 4. Bg2 c6 5. O-O h6 6. c3 Nbd7 7. Nbd2 e6 8. a4 a5
9. Re1 Be7 10. Nf1 O-O 11. Bf4 Qb6 12. Qc1 Rfc8 13. Ne5 c5 14. Nxd7 Nxd7 15. Qd2
cxd4 16. Qxd4 Bc5 0-1

[Event "Titled Tue 10th Jun Late"]
[Site "chess.com INT"]
[Date "2025.06.10"]
[Round "1"]
[White "Deac, Bogdan-Daniel"]
[Black "Costantini, Roberto"]
[Result "1-0"]
[WhiteTitle "GM"]
[BlackTitle "FM"]
[WhiteElo "2674"]
[BlackElo "2267"]
[WhiteFideId "1226380"]
[BlackFideId "807621"]
[EventDate "2025.06.10"]

1. d4 Nf6 2. c4 Nc6 3. Nf3 e6 4. g3 Bb4+ 5. Nbd2 a5 6. Bg2 O-O 7. O-O d5 8. Qc2
Be7 9. Rd1 Nb4 10. Qb1 dxc4 11. Nxc4 b5 12. Nfe5 Rb8 13. Nxa5 c5 14. Nac6 Qb6
15. Nxe7+ 1-0

[Event "Titled Tue 10th Jun Late"]
[Site "chess.com INT"]
[Date "2025.06.10"]
[Round "1"]
[White "Annaberdiyev, Meylis"]
[Black "Santos, Antonio P"]
[Result "1-0"]
[WhiteTitle "GM"]
[BlackTitle "FM"]
[WhiteElo "2436"]
[BlackElo "2165"]
[WhiteFideId "14000563"]
[BlackFideId "1900161"]
[EventDate "2025.06.10"]

1. e4 c5 2. Nf3 d6 3. d4 cxd4 4. Qxd4 Nc6 5. Bb5 Bd7 6. Bxc6 Bxc6 7. Nc3 e5 8.
Qd3 h6 9. O-O Nf6 10. Rd1 Be7 11. Nh4 Nxe4 12. Nxe4 Bxe4 13. Qxe4 Bxh4 14. Qa4+
Kf8 15. Qb4 Be7 16. Qxb7 g6 17. b3 Qc8 18. Qd5 Qe6 19. Qxa8+ 1-0

[Event "Titled Tue 10th Jun Late"]
[Site "chess.com INT"]
[Date "2025.06.10"]
[Round "1"]
[White "Esipenko, Andrey"]
[Black "Lizak, Jakub"]
[Result "1-0"]
[WhiteTitle "GM"]
[BlackTitle "CM"]
[WhiteElo "2689"]
[BlackElo "2219"]
[WhiteFideId "24175439"]
[BlackFideId "1158520"]
[EventDate "2025.06.10"]

1. b3 e5 2. Bb2 d6 3. g3 Nc6 4. Bg2 h5 5. h3 h4 6. g4 Nge7 7. e3 f5 8. gxf5 Bxf5
9. d3 Qd7 10. a3 g5 11. Nd2 g4 12. hxg4 Bxg4 13. Bh3 O-O-O 14. Bxg4 1-0

[Event "Titled Tue 10th Jun Late"]
[Site "chess.com INT"]
[Date "2025.06.10"]
[Round "1"]
[White "Gelman, Alexander"]
[Black "Rabin, Evan"]
[Result "1-0"]
[WhiteTitle "IM"]
[WhiteElo "2403"]
[BlackElo "1945"]
[WhiteFideId "4118316"]
[BlackFideId "2028670"]
[EventDate "2025.06.10"]

1. d4 Nf6 2. Nc3 d5 3. Bf4 c5 4. e3 cxd4 5. exd4 a6 6. Nf3 Nc6 7. Ne5 e6 8. Nxc6
bxc6 9. Qf3 Bd6 10. O-O-O O-O 11. h4 Rb8 12. h5 Qc7 13. Bxd6 Qxd6 14. h6 Qb4 15.
hxg7 Qxb2+ 16. Kd2 Kxg7 17. Qg3+ Kh8 18. Qe5 1-0

[Event "Titled Tue 10th Jun Late"]
[Site "chess.com INT"]
[Date "2025.06.10"]
[Round "1"]
[White "Ansat, Aldiyar"]
[Black "Lewandowski, Rafal"]
[Result "1-0"]
[WhiteTitle "IM"]
[BlackTitle "CM"]
[WhiteElo "2489"]
[BlackElo "2088"]
[WhiteFideId "13715658"]
[BlackFideId "1111981"]
[EventDate "2025.06.10"]

1. d4 d5 2. c4 e6 3. Nf3 c5 4. cxd5 exd5 5. g3 Nc6 6. Bg2 Nf6 7. O-O Be7 8. dxc5
Bxc5 9. a3 a6 10. b4 Ba7 11. Bb2 Be6 12. Nbd2 O-O 13. Nb3 Ne4 14. e3 Qe7 15. Rc1
Rac8 16. Qe2 Bg4 17. h3 Bxf3 18. Qxf3 Rfd8 19. Qg4 Ne5 20. Qxc8 1-0

[Event "Titled Tue 10th Jun Late"]
[Site "chess.com INT"]
[Date "2025.06.10"]
[Round "1"]
[White "Harvey, Marcus R"]
[Black "Rueda Rojas, Richard Alejandro"]
[Result "1-0"]
[WhiteTitle "IM"]
[BlackTitle "FM"]
[WhiteElo "2445"]
[BlackElo "2090"]
[WhiteFideId "400092"]
[BlackFideId "4491505"]
[EventDate "2025.06.10"]

1. Nf3 Nf6 2. b3 d5 3. Bb2 c5 4. e3 a6 5. c4 Nc6 6. cxd5 Nxd5 7. Nc3 Ndb4 8. Qb1
g6 9. a3 Nd5 10. Nxd5 Qxd5 11. Bxh8 Bf5 12. Qb2 O-O-O 13. Bc3 Nd4 14. exd4 Qe4+
15. Be2 Bg7 16. Rc1 Kb8 17. dxc5 Bh6 18. h3 Qe6 19. Nd4 Rxd4 20. Bxd4 1-0

[Event "Titled Tue 10th Jun Late"]
[Site "chess.com INT"]
[Date "2025.06.10"]
[Round "1"]
[White "Manukyan, Sargis A."]
[Black "Terron Elena, Francisco M."]
[Result "1-0"]
[WhiteTitle "FM"]
[BlackTitle "FM"]
[WhiteElo "2294"]
[BlackElo "2148"]
[WhiteFideId "13303970"]
[BlackFideId "2210576"]
[EventDate "2025.06.10"]

1. d4 Nf6 2. c4 e6 3. Nc3 d5 4. cxd5 exd5 5. Bg5 Be6 6. e3 h6 7. Bh4 Nbd7 8. Bd3
Be7 9. Nf3 g5 10. Bg3 Nh5 11. Ne5 Nxg3 12. hxg3 Nxe5 13. dxe5 a6 14. f4 c5 15.
f5 Bc8 16. f6 Bf8 17. Nxd5 Be6 18. Nc3 Qc7 19. Qf3 O-O-O 20. O-O-O Kb8 21. Bf5
Qxe5 1-0

[Event "Titled Tue 10th Jun Late"]
[Site "chess.com INT"]
[Date "2025.06.10"]
[Round "1"]
[White "Pakleza, Zbigniew"]
[Black "Marchesich, Giovanni"]
[Result "1-0"]
[WhiteTitle "GM"]
[BlackTitle "CM"]
[WhiteElo "2484"]
[BlackElo "2189"]
[WhiteFideId "1119290"]
[BlackFideId "2824790"]
[EventDate "2025.06.10"]

1. d4 c5 2. c3 Nf6 3. Nf3 e6 4. Bf4 b6 5. e3 Bb7 6. Nbd2 Be7 7. h3 O-O 8. Bd3 d5
9. O-O Nbd7 10. Bh2 Ne4 11. Qe2 f5 12. Rad1 c4 13. Bc2 b5 14. a3 a5 15. Ne5 Nxe5
16. Bxe5 Bd6 17. Bxd6 Qxd6 18. Nf3 b4 19. axb4 axb4 20. Bxe4 fxe4 21. Ne5 Ra2
22. Rd2 Rfa8 23. f3 bxc3 24. bxc3 Rxd2 25. Qxd2 exf3 26. Rxf3 Rf8 27. Rxf8+ Qxf8
28. Qb2 Bc8 29. Qb8 g6 30. Qc7 Qe8 31. g4 Kf8 32. Qxh7 1-0

[Event "Titled Tue 10th Jun Late"]
[Site "chess.com INT"]
[Date "2025.06.10"]
[Round "1"]
[White "Pullela, Sricharan"]
[Black "Saidov, Bilukhadzh"]
[Result "0-1"]
[BlackTitle "FM"]
[WhiteElo "2144"]
[BlackElo "2309"]
[WhiteFideId "30951089"]
[BlackFideId "34165476"]
[EventDate "2025.06.10"]

1. d4 d5 2. c4 e6 3. cxd5 exd5 4. Nc3 c6 5. Nf3 Bd6 6. Bg5 Nf6 7. e3 O-O 8. Bd3
Re8 9. O-O Bg4 10. h3 Bh5 11. Rb1 Nbd7 12. b4 a6 13. a4 h6 14. Bxf6 Nxf6 15. b5
axb5 16. axb5 Ne4 17. Qc2 Bxf3 18. gxf3 Qg5+ 19. Kh1 Qh5 20. Kg2 Ng5 21. Bf5
Qxf3+ 22. Kg1 Nxh3+ 23. Bxh3 Qxh3 0-1

[Event "Titled Tue 10th Jun Late"]
[Site "chess.com INT"]
[Date "2025.06.10"]
[Round "1"]
[White "Sargsyan, Shant"]
[Black "Garcia, Erick"]
[Result "1-0"]
[WhiteTitle "GM"]
[WhiteElo "2669"]
[BlackElo "2135"]
[WhiteFideId "13306766"]
[BlackFideId "2058880"]
[EventDate "2025.06.10"]

1. c4 c5 2. g3 Nf6 3. Bg2 d5 4. cxd5 Nxd5 5. Nc3 Nc7 6. d3 e5 7. Be3 Nd7 8. Rc1
Be7 9. Nf3 O-O 10. O-O Ne6 11. a3 a5 12. Nd2 Rb8 13. a4 b6 14. Nc4 Bb7 15. Bxb7
Rxb7 16. Bd2 Nd4 17. e3 Nc6 18. Qf3 Qc8 19. Nd5 Bd8 20. Nd6 Qb8 21. Nxb7 Qxb7
22. Bc3 Nf6 23. Nxf6+ Bxf6 24. Rfd1 Qd7 25. h4 h6 26. Kg2 Rd8 27. b3 g6 28. Qxf6 1-0

[Event "Titled Tue 10th Jun Late"]
[Site "chess.com INT"]
[Date "2025.06.10"]
[Round "1"]
[White "Lacasa Diaz, Josep Anton"]
[Black "Haddouche, Mohamed"]
[Result "0-1"]
[WhiteTitle "IM"]
[BlackTitle "GM"]
[WhiteElo "2315"]
[BlackElo "2490"]
[WhiteFideId "2203375"]
[BlackFideId "7900660"]
[EventDate "2025.06.10"]

1. e4 e5 2. Nf3 Nc6 3. Bb5 a6 4. Bxc6 dxc6 5. O-O Qf6 6. d4 exd4 7. Bg5 Qd6 8.
Nxd4 Be7 9. Bxe7 Nxe7 10. h3 Bd7 11. Nc3 O-O-O 12. Nf3 Qg6 13. Ne5 Qf6 14. Nxd7
Rxd7 15. Qe2 Ng6 16. Rad1 Rhd8 17. Rxd7 Rxd7 18. Rd1 Nf4 19. Qe3 Qg5 20. g4
Rxd1+ 21. Nxd1 h5 22. Qg3 Ne2+ 0-1

[Event "Titled Tue 10th Jun Late"]
[Site "chess.com INT"]
[Date "2025.06.10"]
[Round "1"]
[White "Fascio Outerbridge, Arno Augusto"]
[Black "Vasquez Schroeder, Rodrigo"]
[Result "0-1"]
[WhiteTitle "CM"]
[BlackTitle "GM"]
[WhiteElo "2060"]
[BlackElo "2446"]
[WhiteFideId "6610862"]
[BlackFideId "3400042"]
[EventDate "2025.06.10"]

1. Nf3 Nf6 2. d4 d6 3. g3 g6 4. Bg2 Bg7 5. b3 O-O 6. Bb2 a5 7. O-O c6 8. c4 Nbd7
9. Nbd2 Re8 10. e4 e5 11. Qc2 exd4 12. Nxd4 Nc5 13. Rfe1 Qb6 14. N2f3 Ng4 15. h3
Ne5 16. Nxe5 dxe5 17. Nf3 f5 18. exf5 Bxf5 19. Qc3 Nd3 20. c5 Qb4 21. Qxb4 axb4 0-1

[Event "Titled Tue 10th Jun Late"]
[Site "chess.com INT"]
[Date "2025.06.10"]
[Round "1"]
[White "Kaasen, Tor Fredrik"]
[Black "Garcia Almaguer, Juan Manuel"]
[Result "1-0"]
[WhiteTitle "IM"]
[BlackTitle "CM"]
[WhiteElo "2470"]
[BlackElo "2142"]
[WhiteFideId "1516647"]
[BlackFideId "5110491"]
[EventDate "2025.06.10"]

1. e4 e5 2. Nf3 Nc6 3. Bb5 a6 4. Ba4 Nf6 5. O-O Be7 6. Re1 b5 7. Bb3 O-O 8. a4
Bb7 9. d3 d6 10. Nbd2 Nd7 11. c3 Nc5 12. axb5 axb5 13. Rxa8 Qxa8 14. Bc2 b4 15.
Nf1 bxc3 16. bxc3 Nd8 17. Ng3 Nde6 18. d4 exd4 19. cxd4 Na6 20. Qd2 Bf6 21. Nh5
Be7 22. d5 Nec5 23. Nxg7 Bf6 24. Nh5 Qd8 25. e5 Bxe5 26. Bxh7+ Kxh7 27. Qh6+ 1-0

[Event "Titled Tue 10th Jun Late"]
[Site "chess.com INT"]
[Date "2025.06.10"]
[Round "1"]
[White "Guliev, Gasan"]
[Black "Puzyrevsky, Semyon"]
[Result "0-1"]
[WhiteTitle "CM"]
[BlackTitle "FM"]
[WhiteElo "2123"]
[BlackElo "2292"]
[WhiteFideId "34165638"]
[BlackFideId "24240931"]
[EventDate "2025.06.10"]

1. d4 Nf6 2. Bg5 e6 3. e4 h6 4. Bxf6 Qxf6 5. Nf3 d6 6. Bb5+ Nd7 7. O-O a6 8. Ba4
b5 9. Bb3 Bb7 10. e5 dxe5 11. Nxe5 Nxe5 12. dxe5 Qxe5 13. Re1 Qd6 14. Qg4 O-O-O
15. Nc3 Kb8 16. a4 b4 17. Ne4 Qc6 18. Qg3 f5 19. Qh4 g5 20. Qh3 fxe4 21. Bxe6
Bc5 22. Bf5 e3 23. fxe3 Rhf8 24. Bg4 h5 25. Bxh5 Rh8 26. Re2 g4 27. Qh4 Bxe3+
28. Kh1 Rd2 29. Rxd2 Bxd2 30. Qxg4 Rxh5 0-1

[Event "Titled Tue 10th Jun Late"]
[Site "chess.com INT"]
[Date "2025.06.10"]
[Round "1"]
[White "Sethuraman, Roshan"]
[Black "Mesquita, Eduardo Barbosa"]
[Result "1-0"]
[WhiteElo "2074"]
[BlackElo "2014"]
[WhiteFideId "30965250"]
[BlackFideId "22757163"]
[EventDate "2025.06.10"]

1. e4 c5 2. Nf3 d6 3. d4 cxd4 4. Nxd4 Nf6 5. Nc3 a6 6. Be3 Nc6 7. f3 e6 8. Qd2
Be7 9. O-O-O O-O 10. g4 Qc7 11. g5 Nh5 12. Rg1 b5 13. Bd3 Bb7 14. Kb1 Rfd8 15.
f4 Rac8 16. Nce2 d5 17. e5 g6 18. Ng3 Nxf4 19. Nxc6 Nxd3 20. Nxe7+ Qxe7 21. cxd3
d4 22. Bf4 Bf3 23. Rc1 Qd7 24. h4 Bd5 25. h5 a5 26. hxg6 hxg6 27. Ne4 Bxe4 28.
dxe4 Rxc1+ 29. Rxc1 d3 30. Rh1 Qd4 31. Qh2 Kf8 32. Qh8+ Ke7 33. Qf6+ Kd7 34.
Qxf7+ Kc6 35. Qxe6+ Kc5 36. Rc1+ Qc4 1-0

[Event "Titled Tue 10th Jun Late"]
[Site "chess.com INT"]
[Date "2025.06.10"]
[Round "1"]
[White "Ferreira, Vitor Hugo Vieira"]
[Black "Papacek, Stepan"]
[Result "1-0"]
[BlackTitle "FM"]
[WhiteElo "2128"]
[BlackElo "2225"]
[WhiteFideId "2119765"]
[BlackFideId "301035"]
[EventDate "2025.06.10"]

1. e4 e6 2. d4 d6 3. Nf3 d5 4. e5 c5 5. c3 Nc6 6. Bd3 cxd4 7. cxd4 Qb6 8. O-O
Bd7 9. a3 Nxd4 10. Be3 Nxf3+ 11. Qxf3 Bc5 12. Bxc5 Qxc5 13. Nd2 Ne7 14. Qg3 Ng6
15. h4 O-O 16. h5 Ne7 17. h6 g6 18. Qh4 f5 19. Rac1 Qc4 20. Nxc4 1-0

[Event "Titled Tue 10th Jun Late"]
[Site "chess.com INT"]
[Date "2025.06.10"]
[Round "1"]
[White "Vila Dupla, Aurelio"]
[Black "Stojanovski, Sandi"]
[Result "0-1"]
[WhiteTitle "FM"]
[BlackTitle "FM"]
[WhiteElo "2056"]
[BlackElo "2169"]
[WhiteFideId "2203383"]
[BlackFideId "1403249"]
[EventDate "2025.06.10"]

1. Nf3 d5 2. d4 Nf6 3. c4 e6 4. cxd5 exd5 5. Nc3 c6 6. Qc2 Be7 7. Bg5 O-O 8. e3
Nbd7 9. Bd3 Re8 10. O-O-O Ne4 11. Bxe4 dxe4 12. Nxe4 Nf6 13. Nxf6+ Bxf6 14. Bf4
Be6 15. Kb1 Qa5 16. b3 Bf5 0-1

[Event "Titled Tue 10th Jun Late"]
[Site "chess.com INT"]
[Date "2025.06.10"]
[Round "1"]
[White "Zilberstein, Dmitry"]
[Black "Perez Rojas, Jorge"]
[Result "1-0"]
[WhiteTitle "IM"]
[BlackTitle "FM"]
[WhiteElo "2358"]
[BlackElo "2100"]
[WhiteFideId "2010739"]
[BlackFideId "3452093"]
[EventDate "2025.06.10"]

1. e4 e6 2. Qe2 c5 3. Nf3 Nc6 4. g3 Nf6 5. Bg2 d6 6. c3 e5 7. Na3 Be7 8. O-O O-O
9. h3 h6 10. Rd1 Re8 11. d4 exd4 12. cxd4 cxd4 13. Nb5 Bf8 14. Nfxd4 Ne5 15. Bf4
Qb6 16. Rac1 Rb8 17. Be3 a6 18. Nc7 Re7 19. Nf5 Qxb2 20. Qxb2 1-0

[Event "Titled Tue 10th Jun Late"]
[Site "chess.com INT"]
[Date "2025.06.10"]
[Round "1"]
[White "Dilanyan, Grigor"]
[Black "Lavorgna, Giovanni"]
[Result "1-0"]
[WhiteTitle "FM"]
[BlackTitle "CM"]
[WhiteElo "2191"]
[BlackElo "1902"]
[WhiteFideId "13303570"]
[BlackFideId "11800100"]
[EventDate "2025.06.10"]

1. e4 c6 2. d4 d5 3. e5 Bf5 4. h4 h6 5. Bd3 Bxd3 6. cxd3 e6 7. Nc3 Bb4 8. Ne2
Ne7 9. h5 Nd7 10. g4 Qc7 11. a3 Ba5 12. b4 Bb6 13. Be3 a5 14. f4 O-O-O 15. Rc1
Ba7 16. Nb5 Qb6 17. Nd6+ Kb8 18. Nxf7 Rhf8 19. Nxd8 Rxd8 20. Qd2 axb4 21. Qxb4
Qxb4+ 22. axb4 b5 23. Kd2 Nb6 24. Rcf1 Na4 25. f5 exf5 26. gxf5 Rf8 27. f6 gxf6
28. Rxf6 Rxf6 29. exf6 Nf5 30. f7 Nxe3 31. f8=Q+ Kb7 32. Kxe3 Ka6 33. Qc8+ Kb6
34. Rg1 Nb2 35. Rg7 Nd1+ 36. Kd2 Nf2 37. Qb7# 1-0

[Event "Titled Tue 10th Jun Late"]
[Site "chess.com INT"]
[Date "2025.06.10"]
[Round "1"]
[White "Craciun, Sasha-Matei"]
[Black "Hernandez Santos, David Ale"]
[Result "1-0"]
[WhiteTitle "FM"]
[BlackTitle "CM"]
[WhiteElo "2320"]
[BlackElo "1742"]
[WhiteFideId "1281186"]
[BlackFideId "5132002"]
[EventDate "2025.06.10"]

1. e4 c5 2. Nf3 e6 3. d4 cxd4 4. Nxd4 a6 5. Bd3 Nf6 6. O-O Qc7 7. Qe2 e5 8. Nf5
d6 9. c4 Bxf5 10. exf5 Nc6 11. Nc3 Be7 12. Be3 O-O 13. g4 e4 14. Nxe4 Nxe4 15.
Bxe4 Ne5 16. Bd5 Rac8 17. b3 g6 18. f4 Nc6 19. fxg6 hxg6 20. Qd3 Bf6 21. Qxg6+
Bg7 22. Qh5 Qe7 23. Rae1 Qf6 24. f5 Rfe8 25. g5 Qc3 26. Qxf7+ Kh8 27. Qh5+ 1-0

[Event "Titled Tue 10th Jun Late"]
[Site "chess.com INT"]
[Date "2025.06.10"]
[Round "1"]
[White "Yildiz, Egehan"]
[Black "Tsydypov, Zhamsaran"]
[Result "0-1"]
[WhiteTitle "FM"]
[BlackTitle "GM"]
[WhiteElo "2198"]
[BlackElo "2514"]
[WhiteFideId "44518072"]
[BlackFideId "4108566"]
[EventDate "2025.06.10"]

1. d4 g6 2. Nf3 Bg7 3. g3 c5 4. c3 Qa5 5. Nbd2 cxd4 6. Nb3 Qc7 7. Nbxd4 Nf6 8.
Bg2 O-O 9. O-O d6 10. Re1 a6 11. e4 e5 12. Nc2 h6 13. Nb4 Be6 14. Nd5 Bxd5 15.
exd5 Nbd7 16. Qb3 Nb6 17. Rd1 Rfc8 18. Nd2 Nfd7 19. Qc2 f5 20. g4 e4 21. Nf1 Ne5
22. gxf5 gxf5 23. Ng3 Qf7 24. Bf4 Ng6 25. Qd2 Nc4 26. Qc1 Nxb2 0-1

[Event "Titled Tue 10th Jun Late"]
[Site "chess.com INT"]
[Date "2025.06.10"]
[Round "1"]
[White "Yanev, Tihomir"]
[Black "Zou, Chen"]
[Result "1-0"]
[WhiteTitle "IM"]
[BlackTitle "IM"]
[WhiteElo "2354"]
[BlackElo "2443"]
[WhiteFideId "2910110"]
[BlackFideId "8610959"]
[EventDate "2025.06.10"]

1. e4 c5 2. Nc3 a6 3. f4 g6 4. Nf3 Bg7 5. g3 b5 6. Bg2 Bb7 7. d3 d6 8. O-O Nc6
9. Be3 Nf6 10. h3 Nd7 11. Qd2 Rc8 12. g4 Nd4 13. Nd1 Nxf3+ 14. Bxf3 e6 15. c3
Qc7 16. Bg2 h5 17. Nf2 hxg4 18. hxg4 d5 19. exd5 exd5 20. d4 c4 21. Rae1 Kf8 22.
g5 Re8 23. Ng4 f5 24. gxf6 Bxf6 25. f5 Rh4 26. Bh6+ Kf7 27. fxg6+ Kxg6 28. Rxe8
Rxg4 29. Rg8+ Kh5 30. Rxg4 Kxg4 31. Qe2+ Kh4 32. Rf4+ Qxf4 33. Bxf4 Nb6 34. Bf3
Nd7 35. Qh2# 1-0

[Event "Titled Tue 10th Jun Late"]
[Site "chess.com INT"]
[Date "2025.06.10"]
[Round "1"]
[White "Daspres, Loic"]
[Black "Povshednyi, Ivan"]
[Result "0-1"]
[WhiteTitle "CM"]
[BlackTitle "FM"]
[WhiteElo "2207"]
[BlackElo "2309"]
[WhiteFideId "20612281"]
[BlackFideId "14190907"]
[EventDate "2025.06.10"]

1. e4 c5 2. Nf3 d6 3. Bb5+ Nd7 4. Bxd7+ Bxd7 5. O-O Nf6 6. Re1 e5 7. c3 c4 8. d4
cxd3 9. Qxd3 Bc6 10. Nbd2 h6 11. Nc4 Be7 12. Qc2 O-O 13. Ncd2 b5 14. Nb3 Rc8 15.
Nbd2 a5 16. a4 bxa4 17. Qd1 Qc7 18. Qe2 Rfd8 19. Nc4 Bb5 20. Nfd2 Bxc4 21. Nxc4
Qxc4 22. Qxc4 Rxc4 23. f3 d5 24. exd5 Rxd5 25. Be3 Bc5 26. Bxc5 Rcxc5 27. Kf2
Rd2+ 28. Re2 Rxe2+ 29. Kxe2 e4 30. Rxa4 exf3+ 31. gxf3 Rb5 32. Ra2 g5 33. Kd3
Kf8 34. Kc4 Rf5 35. b4 axb4 36. cxb4 Nd7 37. b5 Nb6+ 38. Kd4 Rxb5 0-1

[Event "Titled Tue 10th Jun Late"]
[Site "chess.com INT"]
[Date "2025.06.10"]
[Round "1"]
[White "Mitrabha, Guha"]
[Black "Shafer, Logan C"]
[Result "1-0"]
[WhiteTitle "GM"]
[BlackTitle "CM"]
[WhiteElo "2515"]
[BlackElo "2217"]
[WhiteFideId "5057000"]
[BlackFideId "30993342"]
[EventDate "2025.06.10"]

1. d4 Nf6 2. Nf3 e6 3. Bf4 d5 4. e3 Bd6 5. Nbd2 O-O 6. Bd3 c5 7. c3 Nc6 8. Ne5
Qc7 9. Ndf3 g6 10. O-O Nh5 11. Bh6 Rd8 12. Nxc6 bxc6 13. h3 Ng7 14. Bg5 Be7 15.
Bxe7 Qxe7 16. Qa4 cxd4 17. cxd4 c5 18. Qa3 Bb7 19. Rac1 Rdc8 20. Rxc5 Rxc5 21.
Qxc5 Qxc5 22. dxc5 a5 23. Rc1 Rc8 24. Nd4 e5 25. Nb3 a4 26. Na5 Ba8 27. c6 Ne6
28. Bb5 d4 29. Bxa4 d3 30. f3 Rd8 31. b4 Ng5 32. b5 d2 33. Rd1 Ne6 34. b6 Nc5
35. c7 Rc8 36. Rxd2 1-0

[Event "Titled Tue 10th Jun Late"]
[Site "chess.com INT"]
[Date "2025.06.10"]
[Round "1"]
[White "Medina Paz, Miguel"]
[Black "Lie, Kjetil A."]
[Result "0-1"]
[WhiteTitle "IM"]
[BlackTitle "GM"]
[WhiteElo "2368"]
[BlackElo "2493"]
[WhiteFideId "7300379"]
[BlackFideId "1501984"]
[EventDate "2025.06.10"]

1. d4 d6 2. Nf3 Nf6 3. c4 g6 4. Nc3 Bg7 5. e4 Bg4 6. Be2 Bxf3 7. Bxf3 e5 8. dxe5
dxe5 9. Qxd8+ Kxd8 10. Be3 Nbd7 11. O-O-O c6 12. Na4 Kc7 13. Nc5 h5 14. Rd3 Bh6
15. Nxd7 Bxe3+ 16. Rxe3 Nxd7 17. h4 Nc5 18. b4 Ne6 19. Rd1 a5 20. b5 Nc5 21. Be2
Rad8 22. Kc2 Rxd1 23. Bxd1 Rd8 24. Be2 Rd4 25. f3 Kd6 26. bxc6 bxc6 27. Kc3 f5
28. Bd3 f4 0-1

[Event "Titled Tue 10th Jun Late"]
[Site "chess.com INT"]
[Date "2025.06.10"]
[Round "1"]
[White "Smieszek, Wojciech"]
[Black "Suleymanli, Aydin"]
[Result "0-1"]
[WhiteTitle "CM"]
[BlackTitle "GM"]
[WhiteElo "2141"]
[BlackElo "2608"]
[WhiteFideId "1156047"]
[BlackFideId "13413937"]
[EventDate "2025.06.10"]

1. e4 c5 2. Nf3 Nc6 3. d4 cxd4 4. Nxd4 Nf6 5. Nc3 e6 6. a3 d6 7. Be3 Be7 8. Bd3
O-O 9. O-O Bd7 10. f4 e5 11. Nxc6 Bxc6 12. Qf3 exf4 13. Bxf4 Nd7 14. Nd5 Bxd5
15. exd5 Bf6 16. Bxd6 Qb6+ 17. Kh1 Qxd6 18. c4 a5 19. Rae1 g6 20. b4 axb4 21.
axb4 Qxb4 22. Rb1 Qd6 23. Rxb7 Nc5 24. Rb5 Bg7 25. Rfb1 Ra3 26. Rb6 Qe5 27. d6 0-1

[Event "Titled Tue 10th Jun Late"]
[Site "chess.com INT"]
[Date "2025.06.10"]
[Round "1"]
[White "Manukian, Artak"]
[Black "Shandrygin, Nikita"]
[Result "1-0"]
[BlackTitle "FM"]
[WhiteElo "2104"]
[BlackElo "2209"]
[WhiteFideId "13301373"]
[BlackFideId "24198668"]
[EventDate "2025.06.10"]

1. e4 c5 2. Nf3 e6 3. c3 d5 4. e5 d4 5. cxd4 cxd4 6. Bb5+ Bd7 7. Nxd4 Bxb5 8.
Nxb5 Nc6 9. O-O a6 10. N5c3 Nxe5 11. d4 Nd7 12. d5 e5 13. f4 Bc5+ 14. Kh1 Ngf6
15. fxe5 Nxe5 16. Bg5 Be7 17. Bxf6 Bxf6 18. Ne4 O-O 19. Nxf6+ gxf6 20. Nc3 Kh8
21. Ne4 Rg8 22. Nxf6 Rg7 23. Qh5 Qd6 24. Rae1 Nd3 25. Re8+ Rxe8 26. Nxe8 Qc5 27.
Qf3 Ne5 28. Qf6 1-0

[Event "Titled Tue 10th Jun Late"]
[Site "chess.com INT"]
[Date "2025.06.10"]
[Round "1"]
[White "Khanbutaev, Artemii"]
[Black "Doric, Darko"]
[Result "0-1"]
[BlackTitle "IM"]
[WhiteElo "2139"]
[BlackElo "2444"]
[WhiteFideId "55747175"]
[BlackFideId "14507200"]
[EventDate "2025.06.10"]

1. d4 d5 2. c4 e6 3. Nf3 c6 4. g3 dxc4 5. Bg2 b5 6. O-O Bb7 7. a4 Nd7 8. b3 cxb3
9. Qxb3 b4 10. Nbd2 c5 11. dxc5 Bxc5 12. Bb2 Ngf6 13. Nc4 O-O 14. Rfd1 Qe7 15.
Nd4 Bxg2 16. Kxg2 Rac8 17. Rac1 Nb6 18. Nxb6 axb6 19. Kg1 Rfd8 20. Nb5 Ne4 21.
e3 Nd2 22. Qc2 Nf3+ 23. Kg2 Qb7 24. Rxd8+ Rxd8 25. e4 Rd2 26. Kxf3 Rxc2 27. Rxc2
f5 28. Rc4 g5 29. Ke2 fxe4 30. Bf6 Qd5 31. Rc1 Qa2+ 32. Kd1 Qxa4+ 33. Ke1 Qxb5
34. Bxg5 b3 35. Bf6 Bb4+ 36. Kd1 Qd3# 0-1